000 00672nam a2200205Ia 4500
003 GCL
008 140319s9999 xx 000 0 ara d
040 _aGCL /
_cGCL
082 0 4 _a812.009
_bن م
100 1 _aنبيل راغب
245 1 0 _aمحمد تيمور: رائدآ للتحديث الادبى /
_cنبيل راغب
260 _aالقاهرة :
_bالهيئة المصرية العامة للكتاب ،
_c1996
300 _a323 ص ؛
_c24 سم
650 0 4 _aالشعر العربى
650 0 4 _aالادب العربى
650 0 4 _aالنثر العربى
650 0 4 _aالمسرح العربى
650 0 4 _aمحمد تيمور
942 _2ddc
_cBK
999 _c51005
_d51005